000 00724cam a22002413a 4500
001 14218
003 PGUSA
005 20140828083314.0
008 041130s2004||||xxu|||||s|||||000 | eng d
040 _aPGUSA
_beng
042 _adc
050 4 _aQD
100 1 _aMuir, M. M. Pattison
_q(Matthew Moncrieff Pattison),
_d1848-1931
245 1 4 _aThe Story of Alchemy and the Beginnings of Chemistry
_h[electronic resource] /
_cM. M. Pattison Muir
260 _bProject Gutenberg,
_c2004
506 _aPublic domain in the USA.
516 _aElectronic text
653 _aAlchemy
653 _aChemistry -- History
830 0 _aProject Gutenberg
_v14218
856 4 0 _uhttp://www.gutenberg.org/ebooks/14218
942 _cEB
999 _c243473
_d243473